000
00318nam a22001337a 4500
008
170913b xxu||||| |||| 00| 0 eng d
020
_a
9789551001236
041
_a
ALB
080
_a
53
100
_a
43
101
_a
FIZ
245
_a
PERMBLEDHJE DETYRASH TE ZGJEDHURA NGA FIZIKA
_c
SHAQIRI.Z
942
_2
udc
_c
BK
999
_c
27454
_d
27454